| 000 | 01220cam a2200337Ii 4500 | ||
|---|---|---|---|
| 999 |
_c7529 _d7529 |
||
| 001 | 474664 | ||
| 003 | OSt | ||
| 005 | 20190212172700.0 | ||
| 008 | 980224s1997 ii c 000 0 eng d | ||
| 035 | _a(OCoLC)ocm38497287 | ||
| 035 | _a474664 | ||
| 040 |
_aKPS _beng _erda _cKPS |
||
| 049 | _aPTSS | ||
| 082 |
_a956.7 _bT454h |
||
| 090 |
_aBV4021.5 _b.T46 1997 |
||
| 100 | 1 |
_aThomas, Avind M., _d1969-1993. |
|
| 245 | 1 | 0 |
_aHope : _bcollection of articles / _cAvind M. Thomas. |
| 264 | 1 |
_aBangalore, India : _bKannada Sangha, _c1997. |
|
| 300 |
_a157 pages : _bportrait ; _c22 cm |
||
| 336 |
_atext _btxt _2rdacontent |
||
| 337 |
_aunmediated _bn _2rdamedia |
||
| 338 |
_avolume _bnc _2rdacarrier |
||
| 500 | _aCollection of a young man's writings which give evidence of his faith. His reflections on different subjects will stimulate the readers to sharpen their knowledge and understanding of the Christian faith. | ||
| 500 | _aProduced as a memorial by a father for his son who died unexpectedly at age 23. | ||
| 650 | 0 | _aChristian life. | |
| 650 | 0 |
_aTheology _vMiscellanea. |
|
| 650 | 0 |
_aTheology, Doctrinal _zIndia. |
|
| 655 | 7 |
_aTrivia and miscellanea. _2lcgft |
|
| 942 |
_2ddc _cBK |
||
| 945 | _aMARCIVE20181205 | ||